Normal view
MARC view
Entry Topical Term
001 - CONTROL NUMBER
- control field: 5570
003 - CONTROL NUMBER IDENTIFIER
- control field: HDC
005 - DATE AND TIME OF LATEST TRANSACTION
- control field: 20230624073217.0
008 - FIXED-LENGTH DATA ELEMENTS
- fixed length control field: 210120|| aca||aabn | a|a d
040 ## - CATALOGING SOURCE
- Original cataloging agency: HDC
- Transcribing agency: HDC
150 ## - HEADING--TOPICAL TERM
- Topical term or geographic name entry element: experiential knowledge
670 ## - SOURCE DATA FOUND
- Source citation: Work cat.: (HDC): Noor Azlin Ismail author 5569, The Moderating Effect of Geographical Scope on the Relationship between Managers’ Prior International Knowledge and Working Experience and International Performance in the Malaysian Halal Food Industry / by , 2013
